The love of Myrrhine and Konallis : and other prose poems /

Bibliographic Details
Main Author: Aldington, Richard, 1892-1962 (Author)
Other Authors: Mechau, Frank, 1904-1946 (Illustrator)
Format: Book
Language:English
Published: Chicago : Pascal Covici, 1926.
Subjects:

MARC

Tag First Indicator Second Indicator Subfields
LEADER 00000cam a2200000I 4500
001 in00000035997
005 20210712103311.0
008 740418s1926 ilu 000 p eng d
010 |a  26016222  
035 |a (OCoLC)ocm00860856 
035 |a (OCoLC)00860856 
035 |9 AAD7750AM 
040 |a KSU  |b eng  |c KSU  |d OCLCG  |d LGG  |d OCLCQ  |d CUD  |d UKMGB  |d OCLCQ  |d OCLCF  |d OCLCQ  |d OCLCO  |d OCLCA  |d J9U  |d OCLCQ  |d GZN  |d MUX  |d SNN  |d OCLCQ  |d CLU  |d TXA 
016 7 |a 000044734  |2 Uk 
019 |a 992611619  |a 1016308987  |a 1062970929  |a 1089350733  |a 1126591207  |a 1135909078 
035 |a (OCoLC)860856  |z (OCoLC)992611619  |z (OCoLC)1016308987  |z (OCoLC)1062970929  |z (OCoLC)1089350733  |z (OCoLC)1126591207  |z (OCoLC)1135909078 
050 4 |a PR6001.L4  |b L6 1926a 
082 0 4 |a 821.912 
090 |a PR6001.L4  |b A6 1926 
049 |a TXAM 
100 1 |a Aldington, Richard,  |d 1892-1962,  |e author. 
240 1 0 |a Poems.  |k Selections 
245 1 4 |a The love of Myrrhine and Konallis :  |b and other prose poems /  |c by Richard Aldington ; end sheet and wrapper designs by Frank Mechau. 
246 1 8 |a Myrrhine and Konallis 
264 1 |a Chicago :  |b Pascal Covici,  |c 1926. 
300 |a 112 pages ;  |c 24 cm 
336 |a text  |b txt  |2 rdacontent 
337 |a unmediated  |b n  |2 rdamedia 
338 |a volume  |b nc  |2 rdacarrier 
340 |m 8vo.  |2 rdabf 
500 |a 1st ed. Kershaw 13. 
500 |a "This edition ... consists of one thousand and ten copies of which five hundred are for England and five hundred and ten for America. The first one hundred and fifty copies are autographed by the author."--Page [5] 
500 |a The Cushing Library/Women & Gender Studies copy was acquired as part of The Don Kelly Research Collection of Gay Literature and Culture.  |5 TXA 
500 |a The Cushing Library/Women & Gender Studies copy is no.19 and is signed by the author. 
650 0 |a Mythology, Greek  |v Poetry. 
655 7 |a Prose poems.  |2 lcgft 
655 7 |a Lesbian poetry.  |2 lcgft 
655 7 |a Love poetry.  |2 lcgft 
700 1 |a Mechau, Frank,  |d 1904-1946,  |e illustrator. 
776 0 8 |i Online version:  |a Aldington, Richard, 1892-1962.  |t Love of Myrrhine and Konallis.  |d Chicago, Pascal Covici, 1926  |w (OCoLC)614501886 
994 |a C0  |b TXA 
948 |a updated  |b h  |c 2021/7/12  |d c  |e nbehmer  |f 10:32:27 am 
999 f f |s 786330ca-aeed-3f15-b681-c4cf41f30d7a  |i ea65dc73-7bf0-3961-aa88-6e8b14be1c3a  |t 0 
952 f f |p noncirc  |a Texas A&M University  |b College Station  |c Cushing Memorial Library & Archives  |d Cushing: Women & Gender Studies (Does not check out)  |t 0  |e PR6001.L4 A6 1926  |h Library of Congress classification  |i unmediated -- volume 
952 f f |p normal  |a Texas A&M University  |b College Station  |c Sterling C. Evans Library  |d Evans: Library Stacks  |t 0  |e PR6001.L4 L6 1926 a  |h Library of Congress classification  |i unmediated -- volume  |m A14801274405 
998 f f |a PR6001.L4 A6 1926  |t 0  |l Cushing: Women & Gender Studies (Does not check out) 
998 f f |a PR6001.L4 L6 1926 a  |t 0  |l Evans: Library Stacks